000 00862cam a22001934a 4500
005 20250605163929.0
008 250528s ||||||||||||||||||||||||d
035 _a14627
020 _a415055121
040 _aGR-AtMCL
_bgre
_dGR-AtMCL
_eAACR2
245 1 _aIntelligence / The Psychometric View
260 _bRouledge,
_c1991
300 _a166
520 _aThis book provides a readable modern account of the psychometric view of intelligence. Preface, The Meaning of Intelligence, Factor Analysis, Factor Analyses of Hunan Abilities, Measuring Intelligence, Intelligence and Educational and Occupational Success, Heritability of Intelligence, Intelligence and Mental Speed, Cognitive Processing and Intelligence, EEG and Intelligence, The Nature of g, References, Index.
700 1 _aKline Paul
_9216
942 _cBK
999 _c251
_d251